Largest Cities of Central America Quiz Stats

 Plays Quiz not verified by Sporcle

Score 0/12 Timer 04:00
0 Plays Today
city/metro pop. est. (millions) 12 largest cities % Correct
.813 / 1.207 (2000)Panama, Panama
96.3%
.942 / 2.945 (2010)Guatemala, Guatemala
91.9%
.347 / 1.612 (2007)San Jose, Costa Rica
89.7%
.645 / 2.177 (2009)San Salvador, El Salvador
87.1%
1.185 / 1.422 (2005)Managua, Nicaragua
86.1%
1.200 / 1.324 (2009)Tegucigalpa, Honduras
82.7%
.638 / .803 (2010)San Pedro Sula, Honduras
33.2%
.245 / .290 (2007)Santa Ana, El Salvador
14.2%
.308 (2010)Quetzaltenango, Guatemala
14%
.218 (2007)San Miguel, El Salvador
13.7%
.384 / 2.945 (2010) Mixco - Ciudad San Cristóbal,Guatemala
9%
.290 / 2.177 (2010)Soyapango, El Salvador
2.9%

You're not logged in!

Compare scores with friends on all Sporcle quizzes.
OR
Log In

Show Comments

Extras

Top Quizzes Today


Score Distribution

Your Account Isn't Verified!

In order to create a playlist on Sporcle, you need to verify the email address you used during registration. Go to your Sporcle Settings to finish the process.

Report this User

Report this user for behavior that violates our Community Guidelines.

Details: